000
00259nam a22001097a 4500
082
_a
515 PAP'F
100
_a
PAPOULIS, A
_9
79477
245
_a
THE FOURIER INTEGRAL AND ITS APPLICATIONS
260
_a
NEWYORK
_b
MCGRAW HILL
_c
1962
300
_a
318P
942
_c
BK
999
_c
584521
_d
584521